01181nam a2200265 a 450000100060000000300080000600500170001400800410003103500200007204000470009204100080013908200260014710000400017324501030021326000650031630000340038149000750041550400270049050501220051765000200063983000830065994200120074299900170075495201440077150295BD-RjUL20211209075504.0160823s1933 enk 001 0 eng d a(BD-RjUL) 50415 aOUNcOUNdOCLdITDdOCLdEQOdBD-RjULbeng aeng a616.855223bSTS 19331 aStinchfield, Sara M.d1885-915073110aSpeech disorders :ba psychological study of the various defects of speech /cSara M. Stinchfield  aLondon :bKegan Paul, Trench, Trubner & company ltd ;c1933. axii, 341 p. :bill. ;c22 cm.1 aInternational library of psychology, philosophy, and scientific method aIncludes "References."0 aThe nature of speech disorders.--Statistical studies of the speech of 3000 college women and of public school groups. 0aSpeech.9150732 0aInternational library of psychology, philosophy, and scientific method9150734 2ddccBK c50295d50295 00102ddc40708NFICaRUCLbRUCLcStackd1956-01-26eSimpkin Marshallg1.10l0o616.855 STS 1933r2016-08-24 00:00:00tC-2w2016-08-24yBK